[Event "DEM U12/U12w 2014"]
[Site "Magdeburg GER"]
[Date "2014.06.10"]
[Round "5"]
[White "Wienhold, Nadine"]
[Black "Wanschura, David"]
[Result "1/2-1/2"]
[Termination "normal"]
[Board "45"]
[WhiteElo "1342"]
[BlackElo "1220"]
[PlyCount "174"]
[WhiteFideId "12964514"]
[BlackFideId "12982946"]
[EventCountry "GER"]
[EventRounds "11"]
[EventType "swiss"]
[EventDate "2014.06.07"]

1. c4 e6 2. Nc3 Nf6 3. g3 d5 4. cxd5 exd5 5. Bg2 c5 6. Nf3 Nc6 7. O-O Be6 8. d4
Qb6 9. e3 cxd4 10. Nxd4 Be7 11. Nce2 Bg4 12. Qd3 Nxd4 13. Nxd4 O-O 14. b3 Rac8
15. Bb2 Be6 16. Rac1 Rfd8 17. Qb5 Bc5 18. Qxb6 axb6 19. Ne2 Ra8 20. a4 Ng4 21.
Rfd1 Nxe3 22. Rd2 Ng4 23. Bd4 Rac8 24. Bxc5 bxc5 25. Nf4 Nf6 26. Rcd1 d4 27.
Nxe6 fxe6 28. Bxb7 Rb8 29. Bg2 Rxb3 30. Rc2 Rc8 31. Bh3 Rb6 32. Re1 Rcc6 33. a5
Ra6 34. Bg2 Rc7 35. Bh3 Kf7 36. Rc4 g5 37. f3 Nd5 38. Ra4 Ne3 39. Bf1 Nxf1 40.
Kxf1 Kf6 41. Rc1 Rcc6 42. Ke2 Ke5 43. Kd3 Kd5 44. Rcc4 e5 45. Ke2 Rxa5 46.
Rxd4+ exd4 47. Rxa5 h6 48. f4 gxf4 49. gxf4 Ke4 50. Ra8 Kxf4 51. Kd3 Ke5 52.
Kc4 Kd6 53. Rh8 Kc7 54. Rh7+ Kb6 55. Rd7 Re6 56. Rd5 Rc6 57. h3 Kc7 58. h4 Kb7
59. Rd7+ Rc7 60. Rd6 Rc6 61. Rd7+ Ka6 62. Rd5 Ka5 63. Rd7 Kb6 64. Rd5 Kc7 65.
Kb5 Rd6 66. Rxc5+ Kd7 67. Rc2 d3 68. Rd2 Ke6 69. Kc4 Kf5 70. Rxd3 Rxd3 71. Kxd3
Kg4 72. Ke4 Kxh4 73. Kf4 h5 74. Kf3 Kh3 75. Kf2 h4 76. Kg1 Kg3 77. Kh1 Kf4 78.
Kg2 Kg4 79. Kh2 h3 80. Kh1 Kg3 81. Kg1 Kf3 82. Kh2 Kg4 83. Kh1 Kg3 84. Kg1 Kf3
85. Kh2 Kg4 86. Kh1 Kf4 87. Kh2 Kg4 1/2-1/2

[Event "DEM U12/U12w 2014"]
[Site "Magdeburg GER"]
[Date "2014.06.10"]
[Round "5"]
[White "Weiten, Teresa"]
[Black "Svane, Freja"]
[Result "1-0"]
[Termination "normal"]
[Board "46"]
[WhiteElo "1137"]
[BlackElo "1031"]
[PlyCount "59"]
[WhiteFideId "12971944"]
[BlackFideId "12940100"]
[EventCountry "GER"]
[EventRounds "11"]
[EventType "swiss"]
[EventDate "2014.06.07"]

1. e4 e6 2. d4 d5 3. exd5 exd5 4. c4 Nf6 5. Nf3 Be6 6. cxd5 Nxd5 7. Nc3 Bb4 8.
Bd2 Bxc3 9. bxc3 O-O 10. Bd3 Re8 11. O-O Nd7 12. Rb1 b6 13. Re1 Nf8 14. Bb5 Bd7
15. Bd3 Ng6 16. c4 Nf6 17. h3 Qc8 18. h4 Nh5 19. Ng5 Ngf4 20. Bxh7+ Kh8 21. Qc2
Bf5 22. Bxf5 Qb7 23. Be4 Qc8 24. Bxa8 g6 25. Bxf4 Nxf4 26. Qa4 Qxa8 27. Rxe8+
Qxe8 28. Qxe8+ Kg7 29. Qxf7+ Kh6 30. Qh7# 1-0

[Event "DEM U12/U12w 2014"]
[Site "Magdeburg GER"]
[Date "2014.06.10"]
[Round "5"]
[White "Kemke, Annabelle"]
[Black "Fricke, Edna Marlene"]
[Result "1-0"]
[Termination "normal"]
[Board "47"]
[WhiteElo "855"]
[BlackElo "1081"]
[PlyCount "95"]
[WhiteFideId "12991821"]
[BlackFideId "12988839"]
[EventCountry "GER"]
[EventRounds "11"]
[EventType "swiss"]
[EventDate "2014.06.07"]

1. e4 c5 2. Nf3 Nc6 3. d4 cxd4 4. Nxd4 g6 5. Be2 Bg7 6. Be3 Nf6 7. Nc3 O-O 8.
O-O d6 9. h3 Bd7 10. Qd2 Rc8 11. Rad1 Re8 12. Rfe1 a6 13. a4 Qa5 14. b3 Qc7 15.
Rb1 e6 16. b4 d5 17. Bf3 dxe4 18. Nxe4 Nxe4 19. Bxe4 e5 20. Nf3 Rcd8 21. Qe2 a5
22. bxa5 Nxa5 23. Bb6 Qc3 24. Bxd8 Rxd8 25. Rbd1 Qc7 26. c3 Rc8 27. Rd3 Bxa4
28. Qb2 b5 29. Rde3 Nc4 30. Qc1 Nxe3 31. Qxe3 Qxc3 32. Qg5 b4 33. Kh2 Rb8 34.
Qe3 Qxe3 35. fxe3 b3 36. h4 f5 37. Bd5+ Kf8 38. Nd2 b2 39. e4 Bc2 40. Ba2 fxe4
41. Nb1 Bh6 42. Rf1+ Ke7 43. Rf2 e3 44. Rxc2 g5 45. h5 Rb6 46. g4 Bg7 47. Rc7+
Kf6 48. Rf7# 1-0